|
|
|
|
| LEADER |
00975nam a2200289 i 4500 |
| 001 |
7839 |
| 003 |
BD-DhAAL |
| 005 |
20151117121150.0 |
| 008 |
151117s1979 nyu 000 1 eng |
| 010 |
|
|
|a 77016920
|
| 020 |
|
|
|a 0330259482
|
| 020 |
|
|
|a 0385021046 :
|c $10.95
|
| 040 |
|
|
|a DLC
|c DLC
|d DLC
|d BD-DhAAL
|
| 050 |
0 |
0 |
|a PZ4.H151
|b Ov 1979
|a PR9199.3.H3
|
| 082 |
0 |
0 |
|a 813/.5/4
|
| 100 |
1 |
|
|a Hailey, Arthur.
|9 12924
|
| 245 |
1 |
0 |
|a Overload /
|c Arthur Hailey.
|
| 250 |
|
|
|a 1st ed.
|
| 260 |
|
|
|a Garden City, N.Y. :
|a London :
|b Doubleday,
|b Pan Books,
|c 1979.
|
| 300 |
|
|
|a 476 p. ;
|c 18 cm.
|
| 541 |
|
|
|e 7839
|
| 650 |
|
|
|a Electric utilities
|v Fiction.
|9 16293
|
| 650 |
|
|
|a Electric utilities
|v Fiction.
|x Corrupt practices
|9 16294
|
| 650 |
|
|
|a Electric utilities
|9 16295
|
| 942 |
|
|
|2 ddc
|c BK
|
| 999 |
|
|
|c 36194
|d 36194
|
| 952 |
|
|
|0 0
|1 0
|2 ddc
|4 0
|6 813_000000000000000__5_4_HAI
|7 0
|9 56908
|a SCL
|b SCL
|c GEN
|d 2015-11-17
|e Gift:
|l 0
|o 813.54 HAI
|p 3020007839
|r 2015-11-17
|t 1
|w 2015-11-17
|y BK
|